000 00321 a2200133 4500
000 nam a22 7a 4500
100 _aTripathi
110 _aTripathi
245 _aMadhyakalin bharat ka swaroop
250 _aLatest edition
260 _bNisha publication
_c2024
264 _bNisha publication
_c2024
942 _cBK
999 _c395007
_d395007